comparison of chinese cabbage ( Brassica pekinensis) Varieties on sandy loam in dry season condition ប្រៀបធៀបពូជស្ពៃក្រញញ់លើដីល្បាយខ្សាច់ក្នុងលក្ខខណ្ធរដូវប្រាំង (Record no. 17961)

000 -LEADER
fixed length control field 00673nam a22001577a 4500
003 - CONTROL NUMBER IDENTIFIER
control field OSt
005 - DATE AND TIME OF LATEST TRANSACTION
control field 20190712153012.0
008 - FIXED-LENGTH DATA ELEMENTS--GENERAL INFORMATION
fixed length control field 190712b xxu||||| |||| 00| 0 eng d
040 ## - CATALOGING SOURCE
Transcribing agency RUA
082 ## - DEWEY DECIMAL CLASSIFICATION NUMBER
Classification number AGR PHO 2017 B633 Or.1
100 ## - MAIN ENTRY--PERSONAL NAME
9 (RLIN) 13627
Personal name PHO KHEMARA ផូរ ខេម​រា
245 ## - TITLE STATEMENT
Title comparison of chinese cabbage ( Brassica pekinensis) Varieties on sandy loam in dry season condition ប្រៀបធៀបពូជស្ពៃក្រញញ់លើដីល្បាយខ្សាច់ក្នុងលក្ខខណ្ធរដូវប្រាំង
260 ## - PUBLICATION, DISTRIBUTION, ETC. (IMPRINT)
Place of publication, distribution, etc. RUA
Name of publisher, distributor, etc. phnom penh
Date of publication, distribution, etc. 2017
300 ## - PHYSICAL DESCRIPTION
Extent xii;50p
Other physical details ill;
Dimensions 29cm
942 ## - ADDED ENTRY ELEMENTS (KOHA)
Source of classification or shelving scheme
Koha item type AGR
Holdings
Price effective from Date last seen Permanent Location Not for loan Date acquired Source of classification or shelving scheme Koha item type Lost status Withdrawn status Date last checked out Total Checkouts Shelving location Damaged status Barcode Current Location Full call number
2019-07-122019-07-12Library Block B 2019-07-12 AGR    B633 A42369Library Block BAGR PHO 2017 B633 Or.1
2019-07-122019-07-12Library Block B 2019-07-12 AGR    B633 A42444Library Block BAGR PHO 2017 B633 Or.2
2019-07-122024-01-02Library Block B 2019-07-12 AGR  2023-12-201B633 A42411Library Block BAGR PHO 2017 B633 Or.3
2019-07-122019-07-12Library Block B 2019-07-12 AGR    B633 A42519Library Block BAGR PHO 2017 B633 Or.4
2019-07-122019-10-26Library Block B 2019-07-12 AGR  2019-10-121B633 A42069Library Block BAGR PHO 2017 B633 Or.5
2019-07-122019-08-07Library Block B 2019-07-12 AGR  2019-07-171B633 A42154Library Block BAGR PHO 2017 B633 Or.6
មជ្ឈមណ្ឌលឯការនៃសាកលវិទ្យាល័យភូមិន្ទកសិកម្មចំការដូង

Powered by Koha